Gaming Quiz

Random Gaming or Color Quiz

Mastermind VII Quiz Stats

 Plays Quiz Updated Jun 16, 2020

Support Sporcle.
Go Orange.
Score 0/259 Timer 01:00
8 Plays Today
% Correct
 
92.5%
 
92.5%
 
91.9%
 
91.9%
 
91.9%
 
91.9%
 
91.9%
 
91.9%
 
91.6%
 
91.6%
 
91.6%
 
91.6%
 
91.6%
 
91.4%
 
91.4%
 
91.4%
 
91.4%
 
91.4%
 
90.6%
 
90.6%
 
90.6%
 
90.6%
 
90.6%
 
90.6%
 
90.4%
 
90.4%
 
90.4%
 
90.4%
 
90.4%
 
90.4%
 
90.4%
 
90.2%
 
90.2%
 
90.1%
 
88.6%
 
88.6%
 
88.6%
 
88.6%
 
88.6%
 
88.6%
 
88.6%
 
88.6%
 
88.6%
 
88.6%
 
88.6%
 
88.5%
 
88.5%
 
88.5%
 
88.5%
 
88.4%
 
88.4%
 
88.4%
 
88.4%
 
88.3%
 
88.3%
 
88.3%
 
88.3%
 
88.3%
 
88.3%
 
88.3%
 
88.3%
 
88.3%
 
88.2%
 
88.2%
 
88.2%
 
88.2%
 
88.2%
 
88.2%
 
88.2%
 
88.2%
 
88.2%
 
88.1%
 
88.1%
 
88.1%
 
88%
 
88%
 
88%
 
88%
 
88%
 
88%
 
87.9%
 
87.9%
 
87.9%
 
87.9%
 
87.9%
 
87.8%
 
87.8%
% Correct
 
87.8%
 
87.8%
 
87.8%
 
87.8%
 
87.8%
 
87.8%
 
87.8%
 
87.8%
 
87.8%
 
87.8%
 
87.8%
 
87.8%
 
87.8%
 
87.7%
 
87.7%
 
87.7%
 
87.7%
 
87.7%
 
87.7%
 
87.7%
 
87.7%
 
87.7%
 
87.7%
 
87.6%
 
87.6%
 
87.6%
 
87.6%
 
87.6%
 
87.6%
 
87.6%
 
87.6%
 
87.6%
 
87.6%
 
87.6%
 
87.6%
 
87.6%
 
87.6%
 
87.6%
 
87.6%
 
87.6%
 
87.6%
 
87.6%
 
87.6%
 
87.6%
 
87.5%
 
87.5%
 
87.5%
 
87.5%
 
87.5%
 
87.4%
 
87.4%
 
87.4%
 
87.4%
 
87.4%
 
87.3%
 
87.3%
 
87.3%
 
87.3%
 
87.3%
 
87.3%
 
87.3%
 
87.3%
 
87.3%
 
87.3%
 
87.3%
 
87.3%
 
87.3%
 
87.3%
 
87.2%
 
87.2%
 
87.2%
 
87.2%
 
87.2%
 
87.2%
 
87.2%
 
87.2%
 
87.2%
 
87.2%
 
87.2%
 
87.1%
 
87.1%
 
87.1%
 
87.1%
 
87.1%
 
87.1%
 
87.1%
 
87.1%
% Correct
 
87.1%
 
87.1%
 
87.1%
 
87%
 
87%
 
87%
 
87%
 
87%
 
87%
 
87%
 
87%
 
87%
 
87%
 
87%
 
86.9%
 
86.9%
 
86.9%
 
86.9%
 
86.9%
 
86.9%
 
86.9%
 
86.9%
 
86.9%
 
86.9%
 
86.8%
 
86.8%
 
86.8%
 
86.8%
 
86.8%
 
86.8%
 
86.8%
 
86.8%
 
86.8%
 
86.8%
 
86.8%
 
86.8%
 
86.8%
 
86.7%
 
86.7%
 
86.7%
 
86.7%
 
86.7%
 
86.7%
 
86.7%
 
86.7%
 
86.7%
 
86.7%
 
86.7%
 
86.7%
 
86.7%
 
86.7%
 
86.6%
 
86.6%
 
86.6%
 
86.6%
 
86.6%
 
86.6%
 
86.6%
 
86.6%
 
86.6%
 
86.6%
 
86.5%
 
86.5%
 
86.5%
 
86.5%
 
86.5%
 
86.5%
 
86.5%
 
86.5%
 
86.5%
 
86.5%
 
86.5%
 
86.5%
 
86.5%
 
86.5%
 
86.4%
 
86.4%
 
86.4%
 
86.4%
 
85.9%
 
85.9%
 
85.9%
 
85.9%
 
85.9%
 
85.9%

You're not logged in!

Compare scores with friends on all Sporcle quizzes.
OR
Log In
Forgot?

From the Vault

5-by-5 Grid Logic Puzzle

by The_Professor

There's nothing like a good logic puzzle to get your brain warmed up in the morning.
Remove Ads.
Support Sporcle.
Get the best of Sporcle when you Go Orange. This ad-free experience offers more features, more stats, and more fun while also helping to support Sporcle. Thank you for becoming a member.

Show Comments

Extras

Top Quizzes Today


Score Distribution

Your Account Isn't Verified!

In order to create a playlist on Sporcle, you need to verify the email address you used during registration. Go to your Sporcle Settings to finish the process.

Report this User

Report this user for behavior that violates our Community Guidelines.

Details: